The new elite : (Record no. 18044)
[ view plain ]
| 000 -LEADER | |
|---|---|
| fixed length control field | 00864 am a2200253ua 4500 |
| 001 - CONTROL NUMBER | |
| control field | 011307191 |
| 005 - DATE AND TIME OF LATEST TRANSACTION | |
| control field | 20140302114946.0 |
| 008 - FIXED-LENGTH DATA ELEMENTS--GENERAL INFORMATION | |
| fixed length control field | 900131s1988 xxkc gr 000 0 eng d |
| 020 ## - INTERNATIONAL STANDARD BOOK NUMBER | |
| International Standard Book Number | 014009136X (pbk) |
| 040 ## - CATALOGING SOURCE | |
| Original cataloging agency | Uk |
| Transcribing agency | Uk |
| 043 ## - GEOGRAPHIC AREA CODE | |
| Geographic area code | e-uk--- |
| 082 04 - DEWEY DECIMAL CLASSIFICATION NUMBER | |
| Classification number | 658.00941 |
| Edition number | 22 |
| Item number | RIT |
| 100 1# - MAIN ENTRY--PERSONAL NAME | |
| Personal name | Ritchie, Berry |
| 9 (RLIN) | 35106 |
| 245 14 - TITLE STATEMENT | |
| Title | The new elite : |
| Remainder of title | Britain's top chief executives / |
| Statement of responsibility, etc | Berry Ritchie and Walter Goldsmith. |
| 260 ## - PUBLICATION, DISTRIBUTION, ETC. (IMPRINT) | |
| Place of publication, distribution, etc | London : |
| Name of publisher, distributor, etc | Penguin Books, |
| Date of publication, distribution, etc | 1988 |
| Place of manufacture | Bungay, United Kingdom : |
| Manufacturer | Richard Clay Ltd.) |
| 300 ## - PHYSICAL DESCRIPTION | |
| Extent | ix, 179 p. : |
| Other physical details | portraits ; |
| Dimensions | 22 cm. |
| 500 ## - GENERAL NOTE | |
| General note | Includes appendix. |
| 650 #0 - SUBJECT ADDED ENTRY--TOPICAL TERM | |
| Topical term or geographic name as entry element | Executive ability |
| 9 (RLIN) | 35107 |
| Geographic subdivision | Great Britain |
| 650 #0 - SUBJECT ADDED ENTRY--TOPICAL TERM | |
| Topical term or geographic name as entry element | Success in business |
| 9 (RLIN) | 35108 |
| Geographic subdivision | Great Britain |
| 653 ## - INDEX TERM--UNCONTROLLED | |
| Resource For college | BAEPS, Business Administration |
| Arrived date list | February2014 |
| 655 ## - INDEX TERM--GENRE/FORM | |
| Form subdivision | |
| -- | 34232 |
| 700 1# - ADDED ENTRY--PERSONAL NAME | |
| Personal name | Goldsmith, Walter, |
| Dates associated with a name | 1938- |
| 9 (RLIN) | 35109 |
| 942 ## - ADDED ENTRY ELEMENTS (KOHA) | |
| Source of classification or shelving scheme | Dewey Decimal Classification |
| Call number prefix | 658.00941 RIT |
| Withdrawn status | Item status | Source of classification or shelving scheme | Damaged status | Not for loan | Vendor | Home library | Current library | Shelving location | Date acquired | Source of acquisition | Total Checkouts | Full call number | Barcode | Date last seen | Koha item type |
|---|---|---|---|---|---|---|---|---|---|---|---|---|---|---|---|
| Dewey Decimal Classification | Donation-Gift | Central Library | Central Library | First floor | 06/02/2014 | Donation | 658.00941 RIT | 000035598 | 15/07/2025 | Book - Borrowing |